Online
Catalog

Los relojes blandos / (Record no. 7858)

MARC details
000 -CABECERA
campo de control de longitud fija 00687cam a2200205 a 4500
001 - NÚMERO DE CONTROL
campo de control 000008081
005 - FECHA Y HORA DE LA ÚLTIMA TRANSACCIÓN
campo de control 20200929154426.0
008 - DATOS DE LONGITUD FIJA--INFORMACIÓN GENERAL
campo de control de longitud fija 990505s1998 ec 001 j spa
020 ## - NÚMERO INTERNACIONAL ESTÁNDAR DEL LIBRO
Número Internacional Estándar del Libro 9978620982
040 ## - FUENTE DE LA CATALOGACIÓN
Centro catalogador/agencia de origen DO-SdBNP
Centro/agencia transcriptor DLC
082 ## - NÚMERO DE LA CLASIFICACIÓN DECIMAL DEWEY
Número de clasificación Ec863.44
Número de documento/Ítem L579r
100 1# - ENTRADA PRINCIPAL--NOMBRE DE PERSONA
Nombre de persona León Mancheno, Vinicio.
9 (RLIN) 21985
245 14 - MENCIÓN DE TÍTULO
Título Los relojes blandos /
Mención de responsabilidad, etc. Vinicio León Mancheno.
260 ## - PUBLICACIÓN, DISTRIBUCIÓN, ETC.
Lugar de publicación, distribución, etc. Ecuador :
Nombre del editor, distribuidor, etc. Casa de la Cultura Ecuatoriana "Benjamin Carrión",
Fecha de publicación, distribución, etc. 1998.
300 ## - DESCRIPCIÓN FÍSICA
Extensión 169 p. ;
Dimensiones 21 cm.
586 ## - NOTA DE PREMIOS
Nota de premios Premio IV Bienal del Cuento Ecuatoriano Pablo Palacios, 1997
650 #4 - PUNTO DE ACCESO ADICIONAL DE MATERIA--TÉRMINO DE MATERIA
Término de materia o nombre geográfico como elemento de entrada Cuentos ecuatorianos
9 (RLIN) 17829
650 #4 - PUNTO DE ACCESO ADICIONAL DE MATERIA--TÉRMINO DE MATERIA
Término de materia o nombre geográfico como elemento de entrada Literatura ecuatoriana
9 (RLIN) 3938
910 ## - DATOS DE OPCIÓN DEL USUARIO (OCLC)
Datos de opción del usuario Catalogación por copia / LC
Holdings
Estado de retiro Estado de pérdida Restricciones de uso No para préstamo Código de colección Localización permanente Ubicación/localización actual Ubicación en estantería Fecha de adquisición Número de inventario Total de préstamos Signatura topográfica completa Código de barras Fecha visto por última vez Precio válido a partir de Tipo de ítem Koha
    Préstamo interno   Monografías: Libros y Folletos General General En catalogación 14.09.2009 LF1   Ec863.44 L579r 8081-10 25.06.2020 25.06.2020 Préstamo interno

Powered by Koha